Uconn Men's Basketball roster 2023-24 - Statistics

General Stats
  • This quiz has been taken 80 times
  • The average score is 12 of 15
Answer Stats
Number Answer % Correct
12 Cam Spencer
98%
Head Coach Dan Hurley
98%
5 Stephon Castle
96%
20 Andrew Hurley
94%
32 Donovan Clingan
94%
11 Alex Karaban
92%
2 Tristen Newton
91%
10 Hassan Diarra
87%
35 Samson Johnson
83%
40 Andre Johnson Jr.
77%
1 Solomon Ball
77%
3 Jaylin Stewart
68%
23 Jayden Ross
53%
33 Apostolos Roumoglou
43%
24 Yousouff Singare
43%
No matching quizzes found
Score Distribution
Percent of People with Each Score
Percentile by Number Answered
Your Score History
You have not taken this quiz